000 00965nam a2200217Ia 4500
999 _c38434
_d38434
001 4445
003 GE_BSU
005 20190515191908.0
008 181216s1995||||ge |||||||||||||| ||geo||
040 _cGE_BSU
041 _ageo
080 _a72 ყ–56
100 _aყიფიანი,გ.
_91194
245 _aკოლხური" და "ფრიგიული" სახლები.vitruvius II, I, 4, 5= "Колхские" и "Фригийские" дома. /
_cგ.ყიფიანი ; ნ. ამაშუკელი ; რედ : ნ. ნადარაია.
264 _aთბილისი :
_bცისარტყელა,
_c1995.
300 _a35 გვ . ;
_bილ ;
_c29 სმ.
653 _aკოლხური" და "ფრიგიული" სახლები
700 _aამაშუკელი, ა
_91195
700 _aნადარაია, ნ
_eრედაქტორი
_91196
942 _cBK
_2udc